US States by Homeless Population - Statistics

General Stats
  • This quiz has been taken 55 times
  • The average score is 5 of 15
Answer Stats
Rank Percentage Answer % Correct
1 21.48% California
100%
2 15.70% New York
91%
3 6.10% Florida
77%
4 4.20% Texas
70%
5 3.79% Washington
40%
12 1.89% Ohio
21%
7 2.79% Pennsylvania
19%
10 2.11% Illinois
16%
6 3.57% Massachusetts
16%
8 2.41% Oregon
16%
9 2.35% Georgia
14%
15 1.69% Michigan
12%
13 1.77% Arizona
9%
14 1.74% North Carolina
9%
11 1.92% Colorado
7%
No matching quizzes found
Score Distribution
Percent of People with Each Score
Percentile by Number Answered
Your Score History
You have not taken this quiz